000 00939nam a2200217 a 4500
003 BD-JhCC
005 20241218123000.0
008 190620b2004 bg |||| ||a| 001 0 ben d
020 _a9841105592
035 _a(BD-JhCC)
040 _aBD-JhCC
_dBD-JhCC
041 _aben
082 _bULL 2004
_a954.9205
100 _aউল্লাহ, কর্ণেল (অব.) মোহাম্মদ সফিক , বীর প্রতীক
245 _aএকাত্তরের রণাঙ্গন গেরিলাযুদ্ধ ও হেমায়েতবাহিনী /
_cকর্ণেল (অব.) মোহাম্মদ সফিকউল্লাহ, বীর প্রতীক
260 _aঢাকা:
_bআহমদ পাবলিশিং হাউস;
_c2004.
300 _a504 পৃ . :
_c২২ সেমি.
650 _aLibreration war
_y1971
_zBangladesh
942 _2ddc
_cBK
999 _c11263
_d11263